MARC

LEADER 00000nam0a2200000 4500
001 363548
005 20231102011612.0
035 |a (RuTPU)RU\TPU\retro\20895 
090 |a 363548 
100 |a 20211004d1981 km y0rusy50 ca 
101 0 |a rus 
102 |a RU 
105 |a a z 001zb 
200 1 |a Пизанелло  |f М. И. Майская 
210 |a Москва  |c Искусство  |d 1981 
215 |a 208 с.  |c 74 л. ил. 
320 |a Примечания: с. 149-191 
600 1 |a Пизанелло  |b А .П.  |c итальянский живописец  |f 1395-1455  |g Антонио ди Пуччо  |2 stltpush  |3 (RuTPU)RU\TPU\pers\46970 
606 1 |a Живописцы  |2 stltpush  |3 (RuTPU)RU\TPU\subj\10834  |9 37852 
610 1 |a изобразительное искусство 
610 1 |a итальянская живопись 
610 1 |a итальянское Возрождение 
610 1 |a готика 
610 1 |a портреты 
610 1 |a медали 
610 1 |a 15 век 
610 1 |a история 
675 |a 75.071  |v 4 
700 1 |a Майская  |b М. И.  |g Марина Ивановна 
801 1 |a RU  |b 63413507  |c 20211004 
942 |c BK